01415nam a2200277 a 4500008004100000020002200041049000900063090000800072111014200080245036700222260003300589300003200622440006300654504004100717500002000758650004000778700001600818830007300834907003500907003000100942005001700943040000900960942001500969999001900984952013401003  a0387238514 (hbk.) aMAIN00aTS52 aIFIP TC5 WG5.3/5.7 International Working Conference on the Design of Information Systems for Manufacturingn(5th :d2002 :cOsaka, Japan)10aKnowledge and skill chains in engineering and manufacturing :binformation infrastructure in the era of global communications : proceedings of the IFIP TC5/WG5.3, WG5.7, WG5.12 Fifth International Working Conference on the Design of Information Systems for Manufacturing 2002 (DIISM2002), November 18-20, 2002 in Osaka, Japan /cedited by Eiji Arai ... [et al.]. aNew York :bSpringer,c2005. ax, 378 p.:bill. ;c 24 cm.1 aInternational Federation for Information Processing ;v168 aIncludes bibliographical references. aIncludes index. 0aProduction engineeringvCongresses.1 aArai, Eiji. 0aInternational Federation for Information Processing (Series) ;v168. a.b10154267b25-02-05c24-02-0520230123133931.0 cNUST cBOOKSkTS5 c157139d157139 r2023-01-23 00:00:00l2oTS5 IFIp92003035559v80.00w2023-01-23yBOOKS102LCC40708NFIC00aMAINbMAINcGENd2023-01-23g80.00